[Event "NATO-ch 33rd"]
[Site "Portoroz"]
[Date "2023.09.08"]
[Round "7"]
[White "Bohn, Ulrich"]
[Black "Dino, Giuseppe"]
[Result "1-0"]
[WhiteElo "2161"]
[BlackElo "1783"]
[PlyCount "101"]
[EventDate "2023.09.04"]
[EventType "swiss"]
[EventRounds "7"]
[EventCountry "SLO"]
[SourceTitle "EXT 2024"]
[Source "ChessBase"]
[SourceDate "2023.10.10"]
[SourceVersion "1"]
[SourceVersionDate "2023.10.10"]
[SourceQuality "1"]

1. d4 Nf6 2. Bf4 d6 3. Nc3 g6 4. e4 Bg7 5. Qd2 0-0 6. 0-0-0 Re8 7. f3 Nc6 8. Bh6 e5 9. d5 Ne7 10. h4 Kh8 11. g4 Bxh6 12. Qxh6 Neg8 13. Qd2 Kg7 14. h5 h6 15. hxg6 fxg6 16. g5 hxg5 17. Qxg5 Nh7 18. Qd2 Qf6 19. Kb1 Ng5 20. Bh3 Nxh3 21. Nxh3 Bxh3 22. Rxh3 Re7 23. Rdh1 Rae8 24. Nd1 Kf8 25. Nf2 Rg7 26. c4 Ree7 27. Ng4 Qf4 28. Qxf4+ exf4 29. Kc2 Kf7 30. Rh8 g5 31. Kd3 Kg6 32. Kd4 b6 33. b4 a6 34. c5 bxc5+ 35. bxc5 Re8 36. Rb1 Rd7 37. Rb7 dxc5+ 38. Kxc5 Kg7 39. Rh2 Red8 40. Ne5 Nf6 41. Nxd7 Nxd7+ 42. Kd4 Rc8 43. Rc2 g4 44. Rcxc7 Rxc7 45. Rxc7 g3 46. Rxd7+ Kg6 47. Rd6+ Kg5 48. Rd8 Kh4 49. d6 g2 50. Rg8 Kh3 51. d7 1-0

[Event "NATO-ch 33rd"]
[Site "Portoroz"]
[Date "2023.09.05"]
[Round "3"]
[White "Bohn, Ulrich"]
[Black "Parker, Glen D"]
[Result "0-1"]
[WhiteElo "2161"]
[BlackElo "1973"]
[PlyCount "56"]
[EventDate "2023.09.04"]
[EventType "swiss"]
[EventRounds "7"]
[EventCountry "SLO"]
[SourceTitle "EXT 2024"]
[Source "ChessBase"]
[SourceDate "2023.10.10"]
[SourceVersion "1"]
[SourceVersionDate "2023.10.10"]
[SourceQuality "1"]

1. d4 Nf6 2. Bf4 c6 3. e3 Qb6 4. b3 d6 5. Bd3 Nbd7 6. Nf3 Nh5 7. Bg5 h6 8. Bh4 g5 9. Ng1 Qa5+ 10. c3 gxh4 11. b4 Qg5 12. Nf3 Qf6 13. Nbd2 d5 14. g4 Ng7 15. e4 e5 16. Qe2 Bd6 17. exd5 cxd5 18. Rg1 Ne6 19. dxe5 Bxe5 20. Bb5 Bxc3 21. Rd1 Kd8 22. Qd3 Re8 23. Kf1 Nf4 24. Qb1 a6 25. Bd3 b5 26. g5 Qe6 27. Ne1 Qh3+ 28. Ng2 Nxd3 0-1

[Event "NATO-ch 31st"]
[Site "Blankenberge"]
[Date "2021.10.15"]
[Round "7.9"]
[White "Bohn, Ulrich"]
[Black "Pavlidou, Ekaterini"]
[Result "0-1"]
[WhiteElo "2184"]
[BlackElo "2161"]
[PlyCount "108"]
[EventDate "2021.10.11"]
[EventType "team-swiss"]
[EventRounds "7"]
[EventCountry "BEL"]
[SourceTitle "CBM 204 Extra"]
[Source "ChessBase"]
[SourceDate "2021.11.30"]
[SourceVersion "1"]
[SourceVersionDate "2021.11.30"]
[SourceQuality "1"]
[WhiteTeam "Germany"]
[BlackTeam "Greece"]
[WhiteTeamCountry "GER"]
[BlackTeamCountry "GRE"]

1. d4 Nf6 2. Bf4 d5 3. e3 e6 4. Nd2 c5 5. c3 Nc6 6. Ngf3 cxd4 7. exd4 Nh5 8. Be3 Bd6 9. Ne5 g6 10. Nd3 f5 11. Bh6 Qe7 12. Nf3 Bd7 13. Qd2 Nf6 14. h4 0-0-0 15. Bf4 Rde8 16. Bxd6 Qxd6 17. Nfe5 Rhf8 18. 0-0-0 f4 19. Nxc6 Bxc6 20. Be2 Ne4 21. Qc2 Bb5 22. Ne5 Bxe2 23. Qxe2 Qa6 24. Qxa6 bxa6 25. Nd3 f3 26. g3 Kc7 27. Kc2 Kd6 28. Rde1 Rc8 29. Re3 Rf6 30. Rf1 Rcf8 31. b4 a5 32. a3 axb4 33. axb4 a5 34. Nc5 axb4 35. cxb4 Nxc5 36. bxc5+ Kc7 37. Rfe1 Ra8 38. Rb1 Ra4 39. Kc3 Ra2 40. Rb2 Ra3+ 41. Kd2 Ra4 42. Rd3 Rf5 43. Ke3 e5 44. Rbd2 e4 45. Rb3 Ra1 46. Rdb2 Re1+ 47. Kd2 Re2+ 48. Kc1 Rxb2 49. Kxb2 Rf8 50. Ra3 Kc6 51. Kc3 e3 52. Ra1 e2 53. Rb1 Re8 54. Kd2 Re4 0-1

[Event "NATO-ch 30th"]
[Site "Berlin"]
[Date "2019.09.17"]
[Round "2.18"]
[White "Bohn, Ulrich"]
[Black "Farrell, John F"]
[Result "1-0"]
[WhiteElo "2157"]
[BlackElo "1985"]
[PlyCount "97"]
[EventDate "2019.09.14"]
[EventType "team-swiss"]
[EventRounds "7"]
[EventCountry "GER"]
[SourceTitle "EXT 2020"]
[Source "ChessBase"]
[SourceDate "2019.10.17"]
[SourceVersion "1"]
[SourceVersionDate "2019.10.17"]
[SourceQuality "1"]
[WhiteTeam "Germany"]
[BlackTeam "NATO IV"]
[WhiteTeamCountry "GER"]

1. d4 d5 2. Bf4 Nf6 3. e3 c5 4. c3 Nc6 5. Nd2 e6 6. Ngf3 Bd6 7. Bg3 0-0 8. Bd3 Qe7 9. Ne5 Qc7 10. f4 Ne8 11. Ndf3 f5 12. Bh4 Be7 13. Bxe7 Qxe7 14. Qe2 Nf6 15. Rg1 Ne4 16. 0-0-0 Bd7 17. g4 Be8 18. gxf5 exf5 19. Bxe4 dxe4 20. Nxc6 Bxc6 21. Ne5 cxd4 22. Qc4+ Kh8 23. Rg3 Be8 24. Qxd4 Qf6 25. Qc5 Rg8 26. Qc7 Qb6 27. Qe7 Qb5 28. Rdg1 g6 29. Rh3 Rg7 30. Qf8+ Rg8 31. Qf6+ Rg7 32. Rhg3 Qb6 33. Qf8+ Rg8 34. Qe7 Qd8 35. Qe6 Qb6 36. Qxb6 axb6 37. Kb1 Bc6 38. Rd1 Rad8 39. Nf7+ Kg7 40. Nxd8 Kf6 41. Nxc6 bxc6 42. Rd6+ Ke7 43. Rxc6 Rb8 44. Rg1 Kd7 45. Rc4 b5 46. Rd1+ Ke6 47. Rc6+ Ke7 48. Rc7+ Ke6 49. Rxh7 1-0

[Event "NATO-ch 28th"]
[Site "Budapest"]
[Date "2017.03.31"]
[Round "7"]
[White "Dusak, Aljaz"]
[Black "Bohn, Ulrich"]
[Result "0-1"]
[WhiteElo "1984"]
[BlackElo "2167"]
[PlyCount "70"]
[EventDate "2017.03.27"]
[EventType "swiss"]
[EventRounds "7"]
[EventCountry "HUN"]
[SourceTitle "CBM 177 Extra"]
[Source "ChessBase"]
[SourceDate "2017.04.27"]
[SourceVersion "1"]
[SourceVersionDate "2017.04.27"]
[SourceQuality "1"]

1. Nf3 g6 2. c4 Bg7 3. Nc3 c5 4. g3 Nc6 5. Bg2 a6 6. e3 Nh6 7. 0-0 Nf5 8. Rb1 b5 9. d4 bxc4 10. Ne5 cxd4 11. Nxc6 dxc6 12. g4 dxc3 13. gxf5 Bxf5 14. Bxc6+ Kf8 15. Qf3 Bxb1 16. Bxa8 Bd3 17. bxc3 Bxf1 18. Bd5 Bf6 19. Kxf1 Qc7 20. Kg2 Kg7 21. h4 e6 22. h5 gxh5 23. e4 Rg8 24. Bf4 Be5 25. Bxe5+ Qxe5 26. Bxc4 Kh8+ 27. Kf1 Rc8 28. Qxf7 Qxc3 29. Bxe6 Rd8 30. Bd5 Qe5 31. f4 Qc3 32. f5 Rc8 33. Bb3 Qf3+ 34. Ke1 Rc1+ 35. Kd2 Qc3+ 0-1

[Event "NATO-ch 28th"]
[Site "Budapest"]
[Date "2017.03.28"]
[Round "2"]
[White "Wells, Daniel J"]
[Black "Bohn, Ulrich"]
[Result "1/2-1/2"]
[WhiteElo "2009"]
[BlackElo "2167"]
[PlyCount "45"]
[EventDate "2017.03.27"]
[EventType "swiss"]
[EventRounds "7"]
[EventCountry "HUN"]
[SourceTitle "CBM 177 Extra"]
[Source "ChessBase"]
[SourceDate "2017.04.27"]
[SourceVersion "1"]
[SourceVersionDate "2017.04.27"]
[SourceQuality "1"]

1. e4 g6 2. d4 Bg7 3. Nc3 d6 4. f4 a6 5. Nf3 b5 6. Bd3 Nd7 7. e5 c5 8. Be4 Rb8 9. 0-0 cxd4 10. Qxd4 b4 11. Ne2 Nc5 12. Bc6+ Kf8 13. Be3 Nh6 14. Ng5 Qc7 15. Qd5 Ne6 16. Nd4 Nf5 17. Qxe6 fxe6 18. Ndxe6+ Bxe6 19. Nxe6+ Kf7 20. Nxc7 Nxe3 21. Rf3 Rhc8 22. Rxe3 Rxc7 23. Bd5+ 1/2-1/2

[Event "NATO-ch 27th"]
[Site "Shrivenham"]
[Date "2016.08.26"]
[Round "7"]
[White "Pietruszewski, Marcin"]
[Black "Bohn, Ulrich"]
[Result "1-0"]
[WhiteElo "2163"]
[BlackElo "2159"]
[PlyCount "79"]
[EventDate "2016.08.22"]
[EventType "swiss"]
[EventRounds "7"]
[EventCountry "ENG"]
[SourceTitle "EXT 2018"]
[Source "ChessBase"]
[SourceDate "2017.10.13"]
[SourceVersion "1"]
[SourceVersionDate "2017.10.13"]
[SourceQuality "1"]

1. e4 g6 2. d4 Bg7 3. Nc3 d6 4. f4 a6 5. Nf3 b5 6. Bd3 Nd7 7. e5 c5 8. Be4 Rb8 9. 0-0 cxd4 10. Qxd4 b4 11. Ne2 Nh6 12. Qa7 0-0 13. Rd1 Re8 14. h3 Rb5 15. Be3 Ra5 16. Ned4 Qb6 17. Nb3 Qxa7 18. Bxa7 Rb5 19. Bc6 Rb7 20. Bxb7 Bxb7 21. a3 bxa3 22. Rxa3 Nf5 23. Nbd4 Ng3 24. Kh2 Nh5 25. Ne2 h6 26. g4 Nxf4 27. Nxf4 Nxe5 28. Nd2 Nc6 29. Bf2 Bxb2 30. Rb3 Be5 31. Rxb7 Bxf4+ 32. Bg3 Bg5 33. Ne4 Be3 34. Re1 Bd4 35. Nxd6 Rd8 36. Rc7 exd6 37. Rxc6 d5 38. Rxa6 Kg7 39. Rd6 Rc8 40. Re2 1-0

[Event "NATO-ch 27th"]
[Site "Shrivenham"]
[Date "2016.08.23"]
[Round "3"]
[White "Cichy, Kamil"]
[Black "Bohn, Ulrich"]
[Result "1/2-1/2"]
[WhiteElo "2001"]
[BlackElo "2159"]
[PlyCount "33"]
[EventDate "2016.08.22"]
[EventType "swiss"]
[EventRounds "7"]
[EventCountry "ENG"]
[SourceTitle "EXT 2018"]
[Source "ChessBase"]
[SourceDate "2017.10.13"]
[SourceVersion "1"]
[SourceVersionDate "2017.10.13"]
[SourceQuality "1"]

1. e4 g6 2. d4 Bg7 3. Nc3 d6 4. Bc4 Nf6 5. Qe2 0-0 6. h3 e5 7. dxe5 dxe5 8. Nf3 Nc6 9. 0-0 Nd4 10. Qd3 Nxf3+ 11. Qxf3 c6 12. a4 Qc7 13. Ne2 Re8 14. Bg5 Be6 15. Bxe6 Rxe6 16. Rfd1 a5 17. Qd3 1/2-1/2

[Event "NATO-ch 27th"]
[Site "Shrivenham"]
[Date "2016.08.22"]
[Round "1"]
[White "Allmann, Lauri"]
[Black "Bohn, Ulrich"]
[Result "0-1"]
[WhiteElo "1873"]
[BlackElo "2159"]
[PlyCount "124"]
[EventDate "2016.08.22"]
[EventType "swiss"]
[EventRounds "7"]
[EventCountry "ENG"]
[SourceTitle "EXT 2018"]
[Source "ChessBase"]
[SourceDate "2017.10.13"]
[SourceVersion "1"]
[SourceVersionDate "2017.10.13"]
[SourceQuality "1"]

1. c4 g6 2. Nc3 Bg7 3. g3 c5 4. Bg2 Nc6 5. a3 a6 6. e3 Nh6 7. Nge2 Nf5 8. Rb1 a5 9. f4 d6 10. Nb5 e5 11. 0-0 0-0 12. Nec3 Nfe7 13. Ne4 exf4 14. Rxf4 d5 15. cxd5 Nxd5 16. Rf1 Qe7 17. Qc2 b6 18. Nxc5 Bf5 19. Rxf5 gxf5 20. Bxd5 Rac8 21. Qxf5 Qxc5 22. Bxf7+ Rxf7 23. Qxc8+ Rf8 24. Qe6+ Kh8 25. Nd6 Qh5 26. g4 Qh4 27. Nf7+ Rxf7 28. Qxf7 Qxg4+ 29. Kf2 Qh4+ 30. Kg1 Qg4+ 31. Kf2 Qh4+ 32. Kg1 Qe4 33. Ra1 h6 34. Qf1 Ne5 35. Qg2 Qf5 36. d4 Nf3+ 37. Kh1 Nh4 38. Qe2 Qe4+ 39. Kg1 Bf6 40. Bd2 Nf3+ 41. Kf1 Nxd2+ 42. Ke1 Qh1+ 43. Kxd2 Qxa1 44. Qb5 Qg1 45. Qe8+ Kh7 46. Qe4+ Qg6 47. Qb7+ Bg7 48. Kc3 Qe6 49. Qf3 a4 50. Kd2 Qg6 51. Qf1 Qe4 52. h3 Kg6 53. Qe2 Bf6 54. Qh2 Bg5 55. Qg3 Qxd4+ 56. Kc2 Qxe3 57. Qd6+ Kh5 58. Qd1+ Kg6 59. Qd6+ Bf6 60. Qd7 Qe2+ 61. Kc1 Qxb2+ 62. Kd1 Qd4+ 0-1

[Event "NATO-ch 26th"]
[Site "Amsterdam"]
[Date "2015.07.08"]
[Round "4.3"]
[White "Wantiez, Fabrice"]
[Black "Bohn, Ulrich"]
[Result "1/2-1/2"]
[WhiteElo "2320"]
[BlackElo "2126"]
[PlyCount "89"]
[EventDate "2015.07.06"]
[EventType "swiss"]
[EventRounds "7"]
[EventCountry "NED"]
[SourceTitle "EXT 2016"]
[Source "ChessBase"]
[SourceDate "2015.10.08"]
[SourceVersion "1"]
[SourceVersionDate "2015.10.08"]
[SourceQuality "1"]
[WhiteTeam "Belgium"]
[BlackTeam "Germany"]
[WhiteTeamCountry "BEL"]
[BlackTeamCountry "GER"]

1. e4 g6 2. d4 Bg7 3. Nc3 d6 4. Be3 a6 5. a4 Nf6 6. h3 0-0 7. Nf3 Nc6 8. d5 Nb4 9. a5 e6 10. Ra4 c5 11. dxc6 Nxc6 12. Bb6 Qe7 13. Be2 Nd7 14. Bc7 d5 15. exd5 Bxc3+ 16. bxc3 exd5 17. Bf4 Nc5 18. Ra1 Re8 19. Bg5 f6 20. Be3 Ne4 21. Qxd5+ Kg7 22. 0-0 Nxc3 23. Qc4 Qb4 24. Rfe1 Bf5 25. Bf1 Rac8 26. Nd4 Bd7 27. Nxc6 Qxc4 28. Bxc4 Bxc6 29. Bd4 Nd5 30. Bxd5 Bxd5 31. c3 Kf7 32. f4 Re4 33. Rxe4 Bxe4 34. Kf2 f5 35. Ra2 Rc4 36. Kg3 Bc6 37. Kh4 Ra4 38. Rxa4 Bxa4 39. Kg5 Bb5 40. g4 Bd3 41. Kh6 fxg4 42. hxg4 Be2 43. Kg5 h6+ 44. Kh4 Bd1 45. g5 1/2-1/2

[Event "Dresden ZMD op 23rd"]
[Site "Dresden"]
[Date "2014.08.22"]
[Round "8"]
[White "Oehl, Tim"]
[Black "Bohn, Ulrich"]
[Result "1/2-1/2"]
[WhiteElo "2120"]
[BlackElo "2167"]
[PlyCount "97"]
[EventDate "2014.08.15"]
[EventType "swiss"]
[EventRounds "9"]
[EventCountry "GER"]
[SourceTitle "CBM 161 Extra"]
[Source "ChessBase"]
[SourceDate "2014.08.29"]
[SourceVersion "1"]
[SourceVersionDate "2014.08.29"]
[SourceQuality "1"]

1. Nf3 Nf6 2. g3 g6 3. b3 Bg7 4. Bb2 c5 5. c4 Nc6 6. Bg2 0-0 7. 0-0 d6 8. d3 Re8 9. Qd2 Rb8 10. Nc3 a6 11. a4 Bg4 12. e3 Qc8 13. Rfe1 Nd7 14. Rf1 Nde5 15. Ne1 Bh3 16. Ne2 b5 17. d4 Bxg2 18. Kxg2 cxd4 19. exd4 bxc4 20. dxe5 Rxb3 21. Bc3 Nxe5 22. Rc1 Qc6+ 23. Kg1 Qxa4 24. f4 Ng4 25. Bxg7 Kxg7 26. Qd4+ f6 27. Ng2 Rb4 28. Nc3 Qc6 29. h3 Nh6 30. g4 e5 31. fxe5 fxe5 32. Qd5 Qb6+ 33. Kh1 Re7 34. Ne4 Nf7 35. Rxc4 Rb5 36. Rc6 Qb7 37. Rxf7+ Rxf7 38. Qxd6 Qe7 39. Rxa6 Qxd6 40. Nxd6 Rb1+ 41. Kh2 Rf3 42. Ra7+ Kg8 43. Ra2 h6 44. Nh4 Rf6 45. Ne4 Rfb6 46. Kg3 R6b3+ 47. Nf3 Rf1 48. Rf2 Re1 49. Ned2 1/2-1/2

[Event "Dresden ZMD op 23rd"]
[Site "Dresden"]
[Date "2014.08.18"]
[Round "4"]
[White "Bohn, Ulrich"]
[Black "Osmanodja, Filiz"]
[Result "0-1"]
[WhiteElo "2167"]
[BlackElo "2295"]
[PlyCount "62"]
[EventDate "2014.08.15"]
[EventType "swiss"]
[EventRounds "9"]
[EventCountry "GER"]
[SourceTitle "CBM 161 Extra"]
[Source "ChessBase"]
[SourceDate "2014.08.29"]
[SourceVersion "1"]
[SourceVersionDate "2014.08.29"]
[SourceQuality "1"]

1. e4 c5 2. c3 Nf6 3. e5 Nd5 4. Bc4 e6 5. d4 d6 6. Nf3 cxd4 7. Bxd5 exd5 8. Qxd4 Be6 9. Bg5 Qd7 10. exd6 Nc6 11. Qe3 Bxd6 12. Bf4 0-0 13. Bxd6 Qxd6 14. Na3 Rae8 15. Nb5 Qd7 16. 0-0-0 Nb4 17. Nbd4 Bf5 18. Qf4 Nd3+ 19. Rxd3 Bxd3 20. Ne5 Qc8 21. Nxd3 Re4 22. Nf5 Qd7 23. Qf3 Rc8 24. Kb1 a5 25. Rd1 Qe6 26. Nd4 Qb6 27. Qf5 Rxc3 28. Nf3 Rc7 29. Qxd5 Re8 30. Qxa5 Qd6 31. Qa4 Qxd3+ 0-1

[Event "NATO-ch 23nd"]
[Site "Brest"]
[Date "2012.10.05"]
[Round "7"]
[White "Bohn, Ulrich"]
[Black "Sycz, Dariusz"]
[Result "1/2-1/2"]
[WhiteElo "2184"]
[BlackElo "1990"]
[PlyCount "111"]
[EventDate "2012.10.01"]
[EventType "swiss"]
[EventRounds "7"]
[EventCountry "FRA"]
[SourceTitle "CBM 150 Extra"]
[Source "ChessBase"]
[SourceDate "2012.10.19"]
[SourceVersion "1"]
[SourceVersionDate "2012.10.19"]
[SourceQuality "1"]

1. e4 c5 2. c3 d6 3. d4 Nf6 4. Bd3 Qc7 5. Bf4 e5 6. Bg3 Nbd7 7. Nf3 c4 8. Bc2 a6 9. a4 b6 10. Qe2 Rb8 11. Nbd2 b5 12. axb5 axb5 13. h3 g6 14. 0-0 Nh5 15. Bh2 Bh6 16. Rfd1 0-0 17. Nf1 Nf4 18. Bxf4 Bxf4 19. Ne3 Nf6 20. g3 Bh6 21. dxe5 dxe5 22. Kg2 Re8 23. Nh2 Bb7 24. Nhg4 Nxg4 25. hxg4 Red8 26. f3 Qc5 27. Nd5 Bxd5 28. exd5 Rxd5 29. b4 Rxd1 30. Rxd1 Qc7 31. Rd5 Rd8 32. Qd1 Bg5 33. Be4 Kf8 34. Rxd8+ Qxd8 35. Qxd8+ Bxd8 36. Kf2 Ke7 37. Bc6 Kd6 38. Bxb5 e4 39. Bxc4 Bf6 40. Bxf7 Bxc3 41. f4 Bxb4 42. Ke3 Be1 43. g5 Bxg3 44. Bg8 Ke7 45. Bxh7 Kf7 46. Kxe4 Kg7 47. Kf3 Bh2 48. Bxg6 Kxg6 49. Kg4 Bxf4 50. Kxf4 Kg7 51. Kf5 Kf7 52. g6+ Kg7 53. Kg5 Kg8 54. Kf6 Kf8 55. g7+ Kg8 56. Kg6 1/2-1/2

[Event "NATO-ch 23nd"]
[Site "Brest"]
[Date "2012.10.02"]
[Round "3"]
[White "Keough, Robert W"]
[Black "Bohn, Ulrich"]
[Result "0-1"]
[WhiteElo "2076"]
[BlackElo "2184"]
[PlyCount "117"]
[EventDate "2012.10.01"]
[EventType "swiss"]
[EventRounds "7"]
[EventCountry "FRA"]
[SourceTitle "CBM 150 Extra"]
[Source "ChessBase"]
[SourceDate "2012.10.19"]
[SourceVersion "1"]
[SourceVersionDate "2012.10.19"]
[SourceQuality "1"]

1. e4 g6 2. d4 Bg7 3. Nf3 d6 4. Bd3 e5 5. dxe5 dxe5 6. 0-0 Ne7 7. Bb5+ Nd7 8. b3 0-0 9. Bb2 c6 10. Bc4 b5 11. Be2 Bb7 12. a4 b4 13. Qd6 Rb8 14. Rd1 Nf6 15. Qxb4 Ba8 16. Qa3 Qb6 17. Qxe7 Rfe8 18. Qa3 Nxe4 19. Rf1 Bf8 20. Qa2 Bc5 21. a5 Bxf2+ 22. Kh1 Qe3 23. Nbd2 Nxd2 24. Nxd2 Qxe2 25. Ne4 Qxe4 26. Rxf2 f5 27. b4+ Qd5 28. c4 Qe4 29. c5+ Qd5 30. Qa3 Re7 31. Qc3 Qd4 32. Qb3+ Qd5 33. Qa4 Rd8 34. Rff1 Qe6 35. Rfd1 Rd5 36. Rxd5 cxd5 37. b5 a6 38. Rc1 axb5 39. Qxb5 Qc6 40. Qxc6 Bxc6 41. Re1 e4 42. Ra1 Kf7 43. Kg1 Ke6 44. Kf2 Rb7 45. Ra2 f4 46. a6 Ra7 47. Bd4 Kf5 48. Ra5 g5 49. Ke2 Rxa6 50. Rxa6 Bb5+ 51. Kf2 e3+ 52. Ke1 Bxa6 53. h3 Bb5 54. Bg7 h5 55. Kd1 Ke4 56. Kc2 d4 57. Bh6 Ba4+ 58. Kc1 g4 59. hxg4 0-1

[Event "Pula op 26th"]
[Site "Pula"]
[Date "2012.06.15"]
[Round "8"]
[White "Bohn, Ulrich"]
[Black "Danner, Georg"]
[Result "1/2-1/2"]
[WhiteElo "2187"]
[BlackElo "2401"]
[PlyCount "51"]
[EventDate "2012.06.09"]
[EventType "swiss"]
[EventRounds "9"]
[EventCountry "CRO"]
[SourceTitle "CBM 148 Extra"]
[Source "ChessBase"]
[SourceDate "2012.06.22"]
[SourceVersion "1"]
[SourceVersionDate "2012.06.22"]
[SourceQuality "1"]

1. e4 c5 2. c3 Nf6 3. e5 Nd5 4. Bc4 Nb6 5. Bb3 c4 6. Bc2 Nc6 7. Nf3 Qc7 8. Qe2 g5 9. e6 dxe6 10. Nxg5 Qe5 11. d4 cxd3 12. Bxd3 Bh6 13. Be4 Qg7 14. h4 Bd7 15. Na3 Rc8 16. Be3 Nd5 17. Bxd5 exd5 18. 0-0-0 d4 19. Qd3 Bg4 20. f3 dxe3 21. fxg4 0-0 22. Rde1 Rcd8 23. Qe4 Rd6 24. Nc4 Rf6 25. Nxe3 Rd8 26. Kb1 1/2-1/2

[Event "Oberliga Sued W 0607"]
[Site "Germany"]
[Date "2007.03.18"]
[Round "8.7"]
[White "Bohn, Ulrich"]
[Black "Kessler, Andreas"]
[Result "1-0"]
[WhiteElo "2226"]
[BlackElo "2147"]
[PlyCount "67"]
[EventDate "2006.10.15"]
[EventType "team-tourn"]
[EventRounds "9"]
[EventCountry "GER"]
[SourceTitle "EXT 2009"]
[Source "ChessBase"]
[SourceDate "2008.11.26"]
[SourceVersion "1"]
[SourceVersionDate "2008.11.26"]
[SourceQuality "1"]
[WhiteTeam "Koblenz"]
[BlackTeam "Kaiserslautern Mehlingen"]
[WhiteTeamCountry "GER"]
[BlackTeamCountry "GER"]

1. e4 g6 2. d4 d6 3. Nf3 Bg7 4. c3 Nc6 5. d5 Ne5 6. Nd4 c5 7. Nc2 Nf6 8. Nd2 a6 9. a4 b6 10. Be2 Qc7 11. f4 Ned7 12. 0-0 Bb7 13. c4 0-0 14. Ra3 Rae8 15. g4 Nb8 16. Qe1 e6 17. g5 Nfd7 18. Qh4 exd5 19. Rh3 h6 20. Ne3 f5 21. cxd5 Qd8 22. exf5 Rxe3 23. Rxe3 Bd4 24. Nc4 Bxe3+ 25. Nxe3 hxg5 26. Qh6 Qe8 27. Rf3 g4 28. Nxg4 Rxf5 29. Rh3 Rh5 30. Rxh5 gxh5 31. Ne3 Qf8 32. Qe6+ Kh8 33. Bd2 Qxf4 34. Nf5 1-0

[Event "Oberliga Sued W 0607"]
[Site "Germany"]
[Date "2006.10.29"]
[Round "2.7"]
[White "Hauck, Heiko"]
[Black "Bohn, Ulrich"]
[Result "0-1"]
[WhiteElo "2169"]
[BlackElo "2226"]
[PlyCount "128"]
[EventDate "2006.10.15"]
[EventType "team-tourn"]
[EventRounds "9"]
[EventCountry "GER"]
[SourceTitle "EXT 2009"]
[Source "ChessBase"]
[SourceDate "2008.11.26"]
[SourceVersion "1"]
[SourceVersionDate "2008.11.26"]
[SourceQuality "1"]
[WhiteTeam "Schwegenheim"]
[BlackTeam "Koblenz"]
[WhiteTeamCountry "GER"]
[BlackTeamCountry "GER"]

1. e4 d5 2. exd5 Nf6 3. d4 Nxd5 4. Bd3 Nb4 5. Be4 f5 6. a3 N4c6 7. Bxc6+ Nxc6 8. d5 Ne5 9. Nc3 e6 10. Nh3 Nf7 11. Qe2 e5 12. Nf4 Bd6 13. Nb5 0-0 14. Ne6 Bxe6 15. dxe6 Ng5 16. Qc4 Kh8 17. h4 Ne4 18. f3 Nf6 19. Bg5 a6 20. Nc3 Qe7 21. h5 h6 22. Bh4 Rfe8 23. 0-0-0 Qxe6 24. Qe2 Nxh5 25. g4 fxg4 26. fxg4 Nf4 27. Qe4 b5 28. g5 h5 29. g6 Qxg6 30. Qc6 Ne6 31. Rdg1 Nd4 32. Rxg6 Nxc6 33. Bf6 Bf8 34. Rxh5+ Kg8 35. Rhg5 Ne7 36. Bxe7 Rxe7 37. Nd5 Rf7 38. Nf6+ Rxf6 39. Rxf6 Be7 40. Rfg6 Bxg5+ 41. Rxg5 Re8 42. Kd2 Kf7 43. Ke3 Kf6 44. Rh5 Rd8 45. c3 Rd1 46. Rh2 Rf1 47. Ke4 Ke6 48. Rg2 Rf4+ 49. Ke3 Kf6 50. Rd2 g5 51. Rd7 g4 52. Rxc7 g3 53. Rc8 Rg4 54. Rf8+ Ke6 55. Rf1 Kd5 56. Rg1 g2 57. Kf3 Rg5 58. b3 a5 59. Rd1+ Kc5 60. b4+ axb4 61. cxb4+ Kc4 62. Rg1 Kb3 63. Ke4 Kxa3 64. Ra1+ Kxb4 0-1

[Event "Oberliga Sued W 0506"]
[Site "Germany"]
[Date "2006.04.02"]
[Round "9.7"]
[White "Bohn, Ulrich"]
[Black "Mandery, Markus"]
[Result "1/2-1/2"]
[WhiteElo "2184"]
[BlackElo "1960"]
[PlyCount "49"]
[EventDate "2005.10.23"]
[EventType "team-tourn"]
[EventRounds "9"]
[EventCountry "GER"]
[SourceTitle "EXT 2007"]
[Source "ChessBase"]
[SourceDate "2006.11.23"]
[SourceVersion "1"]
[SourceVersionDate "2006.11.23"]
[SourceQuality "1"]
[WhiteTeam "Koblenz 25"]
[BlackTeam "Ludwigshafen"]
[WhiteTeamCountry "GER"]
[BlackTeamCountry "GER"]

1. e4 e6 2. d4 d5 3. exd5 exd5 4. Nf3 Bd6 5. c4 c6 6. c5 Bc7 7. Bd3 Nf6 8. 0-0 0-0 9. h3 h6 10. Re1 Re8 11. Nc3 Nbd7 12. Bd2 Nf8 13. Rxe8 Qxe8 14. Qa4 Ne6 15. Re1 Qf8 16. Bb1 g5 17. Qc2 Qg7 18. Qd3 Nh5 19. g4 Nhf4 20. Bxf4 Bxf4 21. Qd1 Kf8 22. Ne2 Qf6 23. Kg2 Ng7 24. Nxf4 Qxf4 25. Qe2 1/2-1/2